Do skorého videnia, major Isajev!

Bibliographic Details
Main Authors: N.L (Author), Semionov, Julian Semionovič (Author), Seměnov, Julian Seměnovič (Author)
Format: Article
Language:Slovak
PhysicalDescription:Fot. 1.
Subjects:

MARC

LEADER 00000nab a2200000 a 4500
001 vtls000184032
003 SK-MaSNL
005 20260303180248.0
008 111106c1984 xo 0 slo
015 |a SNBRB19rr/mm-uuuuu 
035 |a CL0194145 
040 |a SNKBUCL  |b slo  |c SNKBUCL  |e AACR2 
041 0 |a slo 
044 |a xo  |c SK 
080 |a 82:929:882  |2 1981 
080 |a 929  |2 1981 
080 |a 882  |2 1981 
080 |a 929 Seměnov, Julian Seměnovič  |2 1981 
100 1 |a N.L.  |4 aut  |9 931680 
245 1 0 |a Do skorého videnia, major Isajev!  |c N.L., Julian Semionovič Semionov ; Julian Seměnovič Seměnov 
300 |b Fot. 1. 
650 0 7 |a Seměnov, Julian Seměnovič  |2 snkbucl  |9 926429 
650 0 7 |a sovietska literatúra  |2 snkbucl  |9 22300 
655 7 |a články z novín a časopisov  |2 snkbucl  |9 267496 
655 7 |a články z odboru literárna veda a krásna literatúra  |2 snkbucl  |9 770045 
700 1 |a Semionov, Julian Semionovič  |4 aut  |9 1205855 
700 1 |a Seměnov, Julian Seměnovič  |4 aut  |9 926431 
773 0 |t Svet socializmu  |g Č. 19 (1984), s. 13 
850 |a Slovenská národná knižnica v Martine  |a MTA001 
852 |a SNK  |b KIS3GCP 
958 |a RK 
958 |a LX 
992 |a RBX 
999 |c 2105514  |d 2107444